Ric Flair's WrestleMania Opponents - Statistics

General Stats
  • This quiz has been taken 97 times
  • The average score is 8 of 10
Answer Stats
WrestleMania Opponent % Correct
WrestleMania 24 Shawn Michaels
97%
WrestleMania X8 The Undertaker
92%
WrestleMania XX The Rock
85%
WrestleMania XX Mick Foley
80%
WrestleMania VIII Randy Savage
79%
WrestleMania 22* Shelton Benjamin
72%
WrestleMania 22* Matt Hardy
71%
WrestleMania 22* Rob Van Dam
71%
WrestleMania 22* Finlay
63%
WrestleMania 22* Bobby Lashley
52%
No matching quizzes found
Score Distribution
Percent of People with Each Score
Percentile by Number Answered
Your Score History
You have not taken this quiz